<?xml version="1.0" encoding="UTF-8"?>
<collection xmlns="http://www.loc.gov/MARC21/slim">
 <record>
  <leader>00569nam a22001455a 4500</leader>
  <controlfield tag="001">EUN.um065708</controlfield>
  <controlfield tag="008">041125s1973####xxua##########000#0#eng#d</controlfield>
  <controlfield tag="005">20131004144134.0</controlfield>
  <datafield tag="245" ind1="1" ind2="4">
   <subfield code="a">The art of pre-columbian México :</subfield>
   <subfield code="b">an annotated bibliography of works in english /</subfield>
   <subfield code="c">Aubyn Kendall.</subfield>
  </datafield>
  <datafield tag="260" ind1=" " ind2=" ">
   <subfield code="a">Austin :</subfield>
   <subfield code="b">University of Texas. Institute of latin american studies,</subfield>
   <subfield code="c">1973.</subfield>
  </datafield>
  <datafield tag="300" ind1=" " ind2=" ">
   <subfield code="a">115 p. :</subfield>
   <subfield code="b">ilus. ;</subfield>
   <subfield code="c">22 cm..</subfield>
  </datafield>
  <datafield tag="490" ind1="0" ind2=" ">
   <subfield code="a">Guides and bibliographies series, 5</subfield>
  </datafield>
  <datafield tag="100" ind1="1" ind2=" ">
   <subfield code="a">Kendall, Aubyn.</subfield>
  </datafield>
  <datafield tag="082" ind1="0" ind2="4">
   <subfield code="a">571.7016</subfield>
  </datafield>
  <datafield tag="859" ind1=" " ind2=" ">
   <subfield code="a">Ar-BaUNS</subfield>
   <subfield code="b">BIB. CENTRAL - Sector C</subfield>
   <subfield code="h">571.7016</subfield>
   <subfield code="i">K331</subfield>
   <subfield code="p">70405/974</subfield>
  </datafield>
 </record>
</collection>
